[Event "Gausdal Int"]
[Site "Gausdal"]
[Date "1991.??.??"]
[Round "3"]
[White "Skogen, Sverre"]
[Black "Tisdall, Jonathan D"]
[Result "0-1"]
[WhiteElo "2225"]
[BlackElo "2435"]

1.d4 Nf6 2.c4 g6 3.Nc3 d5 4.cxd5 Nxd5 5.e4 Nxc3 6.bxc3 Bg7 7.Bc4 O-O 8.Ne2 Nc6
9.Ba3 Na5 10.Bd3 b6 11.O-O Bb7 12.f4 Qd7 13.f5 c5 14.d5 Rfd8 15.Rb1 gxf5
16.Rxf5 e6 17.Rh5 exd5 18.e5 Nc4 19.Bxh7+ Kf8 20.Bc1 Nxe5 21.Bf5 Qc6 22.Bg5 d4
23.Nf4 Rd6 24.Qe1 Re8 25.Qh4 Qxg2+ 26.Nxg2 Nf3+ 27.Kf2 Nxh4 28.Rxh4 Re5 29.Rf4 dxc3
30.Nh4 Rd2+ 31.Kg3 Ree2 32.Nf3 Rg2+ 33.Kh4 Bxf3 34.Rxf3 Rxh2+ 35.Rh3 Rd4+
36.Bg4 Rxa2 37.Rf1 Rg2 38.Rg3 Rh2+ 39.Rh3 Rxh3+ 40.Kxh3 a5 41.Be2 a4 42.Ra1 Rb4
43.Bc1 Ke7 44.Kg2 Kd6 45.Kf3 Kc6 46.Bd3 b5 47.Be4+ Kb6 48.Bg5 Rd4 49.Be3 Rd6
50.Bc2 Bh6  0-1

[Event "Arnold Cup"]
[Site "Gausdal"]
[Date "1991.??.??"]
[Round "3"]
[White "Barkhagen, Jonas"]
[Black "Ostenstad, Berge"]
[Result "1-0"]
[WhiteElo "2340"]
[BlackElo "2500"]

1.d4 Nf6 2.c4 g6 3.Nc3 d5 4.cxd5 Nxd5 5.e4 Nxc3 6.bxc3 Bg7 7.Bc4 c5 8.Be3 Nc6
9.Ne2 O-O 10.O-O Na5 11.Bd3 b6 12.Qd2 cxd4 13.cxd4 Bb7 14.Rac1 e6 15.Rfd1 Qd7
16.Nc3 Rfc8 17.Qe2 a6 18.e5 Nc6 19.Qb2 Nxd4 20.Bxd4 Qxd4 21.Be4 Qxe4 22.Nxe4 Bxe4
23.Rxc8+ Rxc8 24.Qxb6 Bd5 25.a4 Bxe5 26.Qxa6 Rc2 27.a5 Kf8 28.Qb6 Rc6 29.Qb5 Ke7
30.a6  1-0

[Event "Arnold Cup"]
[Site "Gausdal"]
[Date "1991.??.??"]
[Round "3"]
[White "Karason, Askell O"]
[Black "Rytshagov, Mikhail"]
[Result "1-0"]
[WhiteElo "2250"]
[BlackElo "2435"]

1.d4 Nf6 2.c4 g6 3.Nc3 d5 4.cxd5 Nxd5 5.e4 Nxc3 6.bxc3 Bg7 7.Nf3 c5 8.Rb1 O-O
9.Be2 Nc6 10.d5 Bxc3+ 11.Bd2 Bxd2+ 12.Qxd2 Na5 13.h4 Bg4 14.h5 Bxf3 15.gxf3 e5
16.Qh6 g5 17.Rg1 f6 18.f4 exf4 19.e5 Qe7 20.exf6 Qxf6 21.Rxg5+ Kh8 22.Qxf6+ Rxf6
23.Kd2 Re8 24.Rbg1 c4 25.Bf3 Rd6 26.Rg7 Red8 27.Be4 R6d7 28.h6 Nc6 29.Kc3 Ne5
30.Bf5 Rf7 31.Rxf7 Nxf7 32.Rg7 Rf8 33.Rxh7+ Kg8 34.Rg7+ Kh8 35.Be6 Nd6 36.Kd4 c3
37.Kxc3 Rf6 38.Rd7 Ne4+ 39.Kd4 Nxf2 40.Rxb7 f3 41.Rf7 Rxf7 42.Bxf7 Ng4 43.d6 Nxh6
44.Bc4 f2 45.d7 Nf7 46.Bxf7 f1=Q 47.d8=Q+ Kg7 48.Qg8+ Kf6 49.Qg6+ Ke7 50.Bc4 Qf2+
51.Kd5 Qd2+ 52.Qd3 Qa5+ 53.Ke4 Qa4 54.Kd4 Qb4 55.Qe4+ Kf6 56.Qf4+ Kg6 57.Qf7+ Kg5
58.Qc7 Qb2+ 59.Kc5 Qa3+ 60.Kb5 Qb2+ 61.Bb3 Qe2+ 62.Ka5 Qb2 63.Ka6 Qd4 64.Qc6 Qe3
65.Qe6 Qf2 66.Bc4 Qb2 67.Qe7+ Kf4 68.Qd6+ Ke3 69.Kxa7 Qg7+ 70.Ka6  1-0

[Event "Troll Masters"]
[Site "Gausdal"]
[Date "1991.??.??"]
[Round "3"]
[White "Hultin, Johan"]
[Black "Ernst, Thomas"]
[Result "0-1"]
[WhiteElo "2235"]
[BlackElo "2500"]

1.d4 Nf6 2.c4 g6 3.Nc3 d5 4.cxd5 Nxd5 5.e4 Nxc3 6.bxc3 Bg7 7.Nf3 c5 8.Rb1 O-O
9.Be2 cxd4 10.cxd4 Qa5+ 11.Bd2 Qxa2 12.O-O Bg4 13.Bg5 h6 14.Bxe7 Re8 15.Rxb7 Nd7
16.Bb4 Rxe4 17.Re1 Bxf3 18.Bxf3 Rxd4 19.Qc1 Ne5 20.Qe3 Rd3 21.Qe4 Nxf3+ 22.gxf3 Rad8
23.Re2 Rd1+ 24.Kg2 Qb1 25.Be1 Qxe4 26.Rxe4 R8d7 27.Re8+ Kh7 28.Rbb8 Ra1 29.Bb4 a5
30.Bc5 a4 31.Re3 Rd5 32.Ba3 Rg5+ 33.Kh3 Rag1 34.Rb4 Bf6  0-1

[Event "Arnold Cup"]
[Site "Gausdal"]
[Date "1991.??.??"]
[Round "5"]
[White "Manninen, Marko"]
[Black "Rytshagov, Mikhail"]
[Result "1/2-1/2"]
[WhiteElo "2320"]
[BlackElo "2435"]

1.d4 Nf6 2.c4 g6 3.Nc3 d5 4.cxd5 Nxd5 5.e4 Nxc3 6.bxc3 Bg7 7.Be3 c5 8.Qd2 O-O
9.Nf3 Qa5 10.Rc1 cxd4 11.cxd4 Qxd2+ 12.Kxd2 Nc6 13.Bb5 Rd8 14.Bxc6 bxc6 15.Rc5 f5
16.Rb1 fxe4 17.Ne5 Bxe5 18.Rxe5 Kf7  1/2-1/2

[Event "Gausdal Int"]
[Site "Gausdal"]
[Date "1991.??.??"]
[Round "7"]
[White "Remlinger, Larry"]
[Black "Dvoirys, Semen I"]
[Result "1/2-1/2"]
[WhiteElo "2370"]
[BlackElo "2525"]

1.d4 Nf6 2.c4 g6 3.Nc3 d5 4.cxd5 Nxd5 5.e4 Nxc3 6.bxc3 Bg7 7.Bc4 c5 8.Ne2 Nc6
9.Be3 O-O 10.Rc1 e6 11.h4 Qa5 12.Kf1 b5 13.Bb3 Rd8 14.h5 c4 15.Bc2 b4 16.hxg6 hxg6
17.Ba4 Bd7 18.Bxc6 Bxc6 19.cxb4 Qxb4 20.Nc3 Qb7 21.Qg4 Rxd4 22.Qh4 Rad8 23.Qh7+ Kf8
24.Bh6 Bxh6 25.Qxh6+ Ke7 26.Rb1 Qc7 27.Qg5+ Kd7 28.Qf6 Kc8 29.Nd5 R4xd5 30.exd5 Bxd5
31.Rh8 Rxh8 32.Qxh8+ Kd7 33.Rb8 c3 34.Qe8+ Kd6 35.Rd8+ Ke5 36.Qh8+ Kf5 37.Rc8 Qb7
38.Qh3+ Kg5 39.Qe3+ Kf5 40.Qh3+ Kg5 41.Qe3+ Kf5  1/2-1/2

[Event "Gausdal Int"]
[Site "Gausdal"]
[Date "1991.??.??"]
[Round "8"]
[White "Tisdall, Jonathan D"]
[Black "Dvoirys, Semen I"]
[Result "0-1"]
[WhiteElo "2435"]
[BlackElo "2525"]

1.d4 Nf6 2.c4 g6 3.Nc3 d5 4.cxd5 Nxd5 5.e4 Nxc3 6.bxc3 Bg7 7.Bc4 c5 8.Ne2 Nc6
9.Be3 O-O 10.O-O Qa5 11.Rb1 a6 12.Qc1 b5 13.Bb3 cxd4 14.cxd4 Bd7 15.Qc5 Rac8
16.Qg5 e6 17.Rbd1 Qd8 18.Qg3 Na5 19.d5 e5 20.f4 Nc4 21.Bc1 a5 22.a3 Qb6+
23.Kh1 f6 24.f5 gxf5 25.exf5 Nd6 26.Qd3 a4 27.Be3 Qb7 28.Ba2 b4 29.axb4 Qxb4
30.Rb1 Bb5 31.Rxb4 Bxd3 32.Re1 Rc2 33.Nc1 Bb5 34.Bb1 Rc3 35.Bd2 Rc7 36.Nd3 Ra8
37.Rg4 Kh8 38.Bb4 Bf8 39.Nf2 a3 40.Bxd6 Bxd6 41.Ne4 Bb4 42.Rg1 Be2 43.Rg3 a2
44.Bxa2 Rxa2 45.Nxf6 Ra8 46.Re3 Rc2 47.Rxe5 Bc3 48.Re6 Bc4 49.Ne8 Bxd5 50.Nc7 Bd4  0-1

[Event "Arnold Cup"]
[Site "Gausdal"]
[Date "1991.??.??"]
[Round "8"]
[White "Tisdall, Jonathan D"]
[Black "Stohl, Igor"]
[Result "1/2-1/2"]
[WhiteElo "2435"]
[BlackElo "2550"]

1.d4 Nf6 2.c4 g6 3.Nc3 d5 4.cxd5 Nxd5 5.e4 Nxc3 6.bxc3 Bg7 7.Bc4 O-O 8.Ne2 Nc6
9.O-O e5 10.Be3 Qe7 11.d5 Na5 12.Bd3 b6 13.Qd2 Bd7 14.Rac1 Nb7 15.f4 Bh6
16.Rce1 Nc5 17.fxe5 Bxe3+ 18.Qxe3 Qxe5 19.Nd4 Rae8 20.Qd2 f6 21.Bc2 Qd6 22.Nf3 Bg4
23.Nd4 Bd7 24.Nf3 Bg4 25.Nd4 a6 26.h3 Bc8 27.Nf3 Nd7 28.Ba4 b5 29.Bb3 Ne5
30.Nd4 Bd7 31.Rf2 Kg7 32.Ref1 a5 33.Kh1 Rb8 34.Qe3 a4 35.Bd1 c5 36.dxc6 Bxc6
37.Qg3 Bxe4 38.Bf3 Bd3 39.Rd1 Qb6 40.Bd5 Rbe8 41.Rxd3 Nxd3 42.Qxd3  1/2-1/2

[Event "GER-ch U20"]
[Site "GER"]
[Date "1991.??.??"]
[Round "?"]
[White "Dinstuhl, Volkmar"]
[Black "Mach, Holger"]
[Result "1/2-1/2"]
[WhiteElo "2340"]
[BlackElo "2240"]

1.d4 Nf6 2.c4 g6 3.Nc3 d5 4.cxd5 Nxd5 5.e4 Nxc3 6.bxc3 Bg7 7.Qa4+ Nd7 8.Nf3 O-O
9.Bg5 c5 10.Rc1 h6 11.Be3 Nf6 12.Bd3 Ng4 13.Bd2 e6 14.h3 Nf6 15.O-O b6 16.e5 Nd5
17.dxc5 bxc5 18.Be4 Bb7 19.Rfe1 Qc7 20.Rcd1 c4 21.Qc2 Rfd8 22.Qc1 Kh7 23.h4 Ne7
24.Qc2 Bxe4 25.Qxe4 Rd5 26.Bf4 Rad8 27.Rxd5 Rxd5 28.Nd2 Qa5 29.Qxc4 Rc5 30.Qd4 Qxc3
31.Nf3 Rc4 32.Qe3 Nd5 33.Qxc3 Nxc3 34.Be3 Ra4 35.Bd4 Nb5 36.Bc5 Rxa2 37.Rd1 Rc2
38.Be3 Rc7 39.Rd8 Rb7 40.Ra8 Rc7 41.g3 Rd7 42.Kg2 Rd5 43.Bxa7 Bxe5 44.Be3 Bg7
45.Ra4 Nd6 46.Ra7 Bf6 47.Nh2 Bd4 48.Bxd4 Rxd4 49.Nf3 Rd5 50.Rd7 Kg7 51.Ra7 e5
52.Rd7 Kf6 53.Ra7 e4 54.Nh2 Nf5 55.Ng4+ Kg7 56.Ra3 Rd2 57.Ne3 Nxe3+ 58.Rxe3 f5
59.Ra3 Rd6 60.Kf1 Kf6 61.Ke2 g5 62.hxg5+ hxg5 63.Ra5 f4 64.gxf4 gxf4 65.Ra8 Rd5
66.Rf8+ Kg5 67.Rg8+ Kf5 68.Rf8+ Kg4 69.Rg8+ Rg5 70.Re8 Rb5 71.Rxe4 Rb2+ 72.Kf1 Kf3
73.Re8 Rxf2+ 74.Kg1 Rg2+ 75.Kf1 Ra2 76.Kg1 Ra1+ 77.Kh2 Kf2 78.Rb8 Re1 79.Rb2+ Re2
80.Rb3 f3 81.Kh3 Re3 82.Rb1 Rd3 83.Ra1 Re3 84.Rb1 Re1 85.Rb2+ Re2 86.Rb3 Rd2
87.Ra3 Ke2 88.Ra1 Rd3 89.Kg3 f2+  1/2-1/2

[Event "GER CupT"]
[Site "GER"]
[Date "1991.??.??"]
[Round "?"]
[White "Gruenberg, Hans Ulrich"]
[Black "Trettin, Ulrich"]
[Result "1-0"]
[WhiteElo "2485"]
[BlackElo "2275"]

1.d4 Nf6 2.c4 g6 3.Nc3 d5 4.cxd5 Nxd5 5.e4 Nxc3 6.bxc3 Bg7 7.Be3 c5 8.Qd2 O-O
9.Nf3 Qa5 10.Rb1 cxd4 11.cxd4 Qxd2+ 12.Kxd2 b6 13.Bd3 Ba6 14.Rhc1 Bxd3 15.Kxd3 Na6
16.Rc4 Rfd8 17.Ke2 Rd7 18.Rbc1 Bf8 19.Ra4 Nb8 20.Rc8 Kg7 21.Rac4 b5 22.R4c5  1-0

[Event "BL2-N9091"]
[Site "Germany"]
[Date "1991.??.??"]
[Round "?"]
[White "Lieb, Harald"]
[Black "Schirm, Friedmar"]
[Result "1/2-1/2"]
[WhiteElo "2275"]
[BlackElo "2275"]

1.d4 Nf6 2.c4 g6 3.Nc3 d5 4.cxd5 Nxd5 5.e4 Nxc3 6.bxc3 Bg7 7.Nf3 c5 8.Rb1 O-O
9.Be2 Nc6 10.Be3 Bg4 11.O-O cxd4 12.cxd4 Bxf3 13.Bxf3 Bxd4 14.Bh6 Re8 15.Rxb7 Qc8
16.Rb1 Rd8 17.Qa4 Ne5 18.Be2 Ng4 19.Bf4 Qe6 20.Bf3 Ne5 21.Be2 Qf6 22.Bg3 h5
23.Rfd1 h4 24.Bxh4 Qxh4 25.Rxd4 Qf4 26.Rbd1 Rxd4 27.Qxd4 Rc8 28.g3 Nf3+ 29.Bxf3 Qxf3
30.Qd3 Qf6 31.Kg2 Rc3 32.Qe2 Qc6 33.Rd2 Rc4 34.f3 Rc1 35.Qf2 a5 36.g4 Qb5
37.Rb2 Qc4 38.h4 a4 39.Rd2 a3 40.h5 gxh5 41.gxh5 Qc5 42.Qxc5 Rxc5 43.Kg3 Rxh5
44.Rd8+ Kg7 45.Ra8 Rc5 46.Rxa3 f5 47.Kf4 fxe4 48.fxe4 Kf6 49.Ra6+ e6 50.a4 Rc4
51.Ke3 Rb4 52.Kd3 Ke5 53.Ra5+ Kf4 54.e5 Re4 55.Kc3 Rxe5 56.Ra8 Re1 57.a5 Ra1
58.a6 Ke5 59.a7 Ra2 60.Kb3  1/2-1/2

[Event "BL2-W qual"]
[Site "Germany"]
[Date "1991.??.??"]
[Round "?"]
[White "Pekarek, Ales"]
[Black "Sygulski, Artur"]
[Result "1/2-1/2"]
[WhiteElo "2475"]
[BlackElo "2360"]

1.d4 Nf6 2.c4 g6 3.Nc3 d5 4.cxd5 Nxd5 5.e4 Nxc3 6.bxc3 Bg7 7.Bc4 c5 8.Ne2 O-O
9.O-O Nc6 10.Be3 Qc7 11.Rc1 Rd8 12.Bf4 Be5 13.Bxe5 Nxe5 14.Bb3 Ng4 15.Ng3 c4
16.Bc2 e5 17.h3 Nf6 18.Qf3 Nd7 19.Qe3 b5 20.f4 f6 21.Rf2 Bb7 22.Rcf1 exd4
23.cxd4 Qb6 24.Ne2 b4 25.Qg3 Kh8 26.h4 b3 27.axb3 cxb3 28.Bxb3 Bxe4 29.f5 gxf5
30.h5 Rg8 31.Bxg8 Rxg8 32.Qc3 Ne5 33.Ng3 Ng4 34.Rf4 Qd6 35.Qc5 Qe6 36.Re1 Qa2
37.Nxe4 fxe4 38.Qf5 e3 39.Kh1 Qd2 40.Rb1 e2 41.Rxg4 e1=Q+ 42.Rxe1 Qxe1+ 43.Kh2 Rxg4
44.Qxg4 Qe3  1/2-1/2

[Event "BL2-S9091"]
[Site "Germany"]
[Date "1991.??.??"]
[Round "?"]
[White "Trettin, Ulrich"]
[Black "Kindl, Peter"]
[Result "1-0"]
[WhiteElo "2275"]
[BlackElo "2315"]

1.d4 Nf6 2.c4 g6 3.Nc3 d5 4.cxd5 Nxd5 5.e4 Nxc3 6.bxc3 Bg7 7.Nf3 c5 8.Rb1 O-O
9.Be2 Bg4 10.O-O Bxf3 11.Bxf3 cxd4 12.cxd4 Bxd4 13.Rxb7 Nc6 14.Bg5 Qc8 15.Rb5 Qa6
16.a4 Bg7 17.Rd5 h6 18.Be3 Rad8 19.Be2 Qb7 20.Bb5 Rxd5 21.Qxd5 Rc8 22.Rc1 Nd8
23.Rxc8 Qxc8 24.Qc5 Qe6 25.Qc7 Qd6 26.Qxd6 exd6 27.Bxa7 Nb7 28.Bb6 Bc3 29.Bc6 Na5
30.Bd5 Kf8 31.Kf1 Ke7 32.Ke2 f6 33.Kd3 Bb4 34.Be3 Bc5 35.Bxh6 Bxf2 36.Be3 Bxe3
37.Kxe3 f5 38.exf5 gxf5 39.Kf4 Kf6 40.h3  1-0

[Event "BL2-SW9091"]
[Site "Germany"]
[Date "1991.??.??"]
[Round "?"]
[White "Schaufelberger, Heinz"]
[Black "Schulze, Ulrich"]
[Result "0-1"]
[WhiteElo "2325"]
[BlackElo "2400"]

1.d4 Nf6 2.c4 g6 3.Nc3 d5 4.cxd5 Nxd5 5.e4 Nxc3 6.bxc3 Bg7 7.Nf3 c5 8.Rb1 O-O
9.Be2 Nc6 10.d5 Ne5 11.Nxe5 Bxe5 12.Qd2 e6 13.O-O exd5 14.exd5 b6 15.c4 Qd6
16.h3 Re8 17.Bb2 Bxb2 18.Rxb2 Bd7 19.Ra1 Re4 20.a4 a5 21.Bd3 Rd4 22.Qc3 Re8
23.Rab1 Rb8 24.Ra1 Kf8 25.Bc2 Qf6 26.Re1 Re8 27.Rbb1 Rxe1+ 28.Rxe1 Kg7 29.Re3 Rf4
30.Qxf6+ Kxf6 31.Rb3 Rxc4 32.Rxb6+ Ke5 33.Rb7 Kd6 34.Bd3 Rb4 35.Ra7 c4 36.Ra6+ Kxd5
37.Rxa5+ Kd4 38.Be2 Rxa4 39.Rxa4 Bxa4 40.Kf1 Kc3 41.Ke1 Bb3  0-1

[Event "BL2-SW9091"]
[Site "Germany"]
[Date "1991.??.??"]
[Round "?"]
[White "Schmitzer, Klaus"]
[Black "Roos, Daniel"]
[Result "1-0"]
[WhiteElo "2335"]
[BlackElo "2385"]

1.d4 Nf6 2.c4 g6 3.Nc3 d5 4.cxd5 Nxd5 5.e4 Nxc3 6.bxc3 Bg7 7.Bc4 c5 8.Ne2 O-O
9.O-O Nc6 10.Be3 Qc7 11.Rc1 Rd8 12.Qd2 e5 13.Bg5 Rf8 14.Bd5 exd4 15.cxd4 cxd4
16.Nxd4 Bd7 17.Nb5 Qa5 18.Nd6 Qxd2 19.Bxd2 Rab8 20.Bf4 Nd4 21.Rfe1 Ne6 22.Bg3 b6
23.Red1 Bh6 24.Rc3 Rbd8 25.Ra3 a5 26.Rb1 Bd2 27.Rxb6 Nc5 28.Rf3 Be6 29.Rb5 Rb8
30.h3 Rxb5 31.Nxb5 Rd8 32.Nc7 a4 33.Be5 Ba5 34.Nxe6 fxe6 35.Bc4 Rd1+ 36.Kh2 Rc1
37.Bb5 Rc2 38.Bf4 Rc3 39.Rxc3 Bxc3 40.Be3 Bb4 41.f3 a3 42.Bc4 Kf7 43.e5 Na4
44.Kg3 Nb2 45.Be2 Ke7 46.Kg4 Kf7 47.Kf4 Ke7 48.g4 Kf7 49.Ke4 Ke7 50.f4 Na4
51.Bc4 Nc3+ 52.Kd3 Nd1 53.Bb6 Nb2+ 54.Kd4 Nxc4 55.Kxc4 Bd2 56.Bc5+ Kd7 57.Bxa3 Bxf4
58.Bb2 Kc6 59.Bc3 Bc1 60.a4 h5 61.gxh5 gxh5 62.a5  1-0

[Event "Bundesliga 9091"]
[Site "Germany"]
[Date "1991.??.??"]
[Round "?"]
[White "Razuvaev, Yuri S"]
[Black "Smejkal, Jan"]
[Result "0-1"]
[WhiteElo "2585"]
[BlackElo "2535"]

1.d4 Nf6 2.c4 g6 3.Nc3 d5 4.cxd5 Nxd5 5.e4 Nxc3 6.bxc3 Bg7 7.Bc4 O-O 8.Ne2 Nc6
9.O-O e5 10.Ba3 Re8 11.d5 Na5 12.Bd3 b6 13.Bb4 Nb7 14.Bb5 Bd7 15.c4 Bf8 16.Bxf8 Rxf8
17.f4 Bxb5 18.cxb5 Nc5 19.Nc3 exf4 20.e5 Qg5 21.Qd4 Rae8 22.Rae1 Nd7 23.Ne4 Qxe5
24.Qxe5 Nxe5 25.Nf6+ Kg7 26.Nxe8+ Rxe8 27.Re4 g5 28.Ra4 Rd8 29.Rd1 Ng4 30.Rxa7 Ne3
31.Rd3 Rxd5 32.Rxd5 Nxd5 33.Ra4 Kf6 34.Rc4 Ke5 35.a4 h5 36.h4 g4 37.Kf2 f6
38.Ke2 Kf5 39.Kd3 Ke5 40.Rc1 f3 41.g3 f5 42.Re1+ Kf6 43.Kd2 f4  0-1

[Event "Bundesliga 9091"]
[Site "Germany"]
[Date "1991.??.??"]
[Round "?"]
[White "Mohr, Stefan"]
[Black "Lutz, Christopher"]
[Result "0-1"]
[WhiteElo "2430"]
[BlackElo "2500"]

1.d4 Nf6 2.c4 g6 3.Nc3 d5 4.cxd5 Nxd5 5.e4 Nxc3 6.bxc3 Bg7 7.Bb5+ c6 8.Ba4 O-O
9.Ne2 e5 10.O-O Re8 11.f3 Nd7 12.Be3 Qa5 13.Bb3 Nb6 14.Qd3 Be6 15.f4 exd4
16.cxd4 Qb5 17.Qxb5 cxb5 18.e5 Rec8 19.Rfc1 Bf8 20.Ng3 Nc4 21.Bf2 Bh6 22.Bxc4 Bxc4
23.Be3 Bf8 24.Ne4 Be7 25.a3 b6 26.Bd2 a5 27.Kf2 Be6 28.Nc3 b4 29.axb4 axb4
30.Rxa8 Rxa8 31.Nb5 b3 32.Rb1 Ra2 33.Ke3 Bc4 34.Nc3 Rc2 35.Nd1 Ba3 36.Ra1 b2
37.Rb1 Ba2 38.Nc3 Rxc3+  0-1

[Event "Bundesliga 9091"]
[Site "Germany"]
[Date "1991.??.??"]
[Round "?"]
[White "Knaak, Rainer"]
[Black "Michaelsen, Nils"]
[Result "1-0"]
[WhiteElo "2515"]
[BlackElo "2305"]

1.d4 Nf6 2.c4 g6 3.Nc3 d5 4.cxd5 Nxd5 5.e4 Nxc3 6.bxc3 Bg7 7.Bc4 c5 8.Ne2 Nc6
9.Be3 O-O 10.O-O Bd7 11.Rc1 Rc8 12.Qd2 Qa5 13.d5 Ne5 14.Bb3 e6 15.f4 Ng4
16.e5 c4 17.dxe6 Bxe6 18.Bc2 Rfd8 19.Bd4 Rd7 20.h3 Nh6 21.g4 Bd5 22.Ng3 Rcd8
23.Qf2 Kh8 24.f5 Bc6 25.Rce1 Ng8 26.h4 Rxd4 27.cxd4 Qxa2 28.f6 Bf8 29.e6 Bd6
30.exf7 Nh6 31.d5 Bd7 32.Re8+ Rxe8 33.fxe8=Q+ Bxe8 34.Qe3 Bf7 35.Qxh6 Bc5+
36.Kh2 Qxc2+ 37.Kh3  1-0

[Event "Bundesliga 9091"]
[Site "Germany"]
[Date "1991.??.??"]
[Round "?"]
[White "Gruenberg, Hans Ulrich"]
[Black "Lutz, Christopher"]
[Result "1/2-1/2"]
[WhiteElo "2500"]
[BlackElo "2445"]

1.d4 Nf6 2.c4 g6 3.Nc3 d5 4.cxd5 Nxd5 5.e4 Nxc3 6.bxc3 Bg7 7.Be3 c5 8.Qd2 O-O
9.Nf3 Bg4 10.Ng5 cxd4 11.cxd4 Nc6 12.h3 Bd7 13.Nf3 Rc8 14.Rb1 Na5 15.Be2 Nc4
16.Bxc4 Rxc4 17.O-O a6 18.Rfc1 Rxc1+ 19.Rxc1 f5 20.Bh6 fxe4 21.Bxg7 Kxg7
22.Ng5 h6 23.Nxe4 Bc6 24.f3 Rf5 25.Re1 b6 26.Nc3 Qd6 27.Qe3 e6 28.Ne4 Bxe4
29.Qxe4 Rd5 30.Qxe6 Rxd4  1/2-1/2

[Event "BL2-W9091"]
[Site "Germany"]
[Date "1991.??.??"]
[Round "?"]
[White "Hoffmann, Michael"]
[Black "Weber, Peter"]
[Result "1-0"]
[WhiteElo "2370"]
[BlackElo "2215"]

1.d4 Nf6 2.c4 g6 3.Nc3 d5 4.cxd5 Nxd5 5.e4 Nxc3 6.bxc3 Bg7 7.Be3 c5 8.Qd2 Qa5
9.Rb1 a6 10.Rc1 O-O 11.Nf3 Bg4 12.Ng5 cxd4 13.cxd4 Qxd2+ 14.Kxd2 Nc6 15.h3 Bd7
16.d5 Nd4 17.Rc7 Bc8 18.Rxe7 Nb5 19.e5 h6 20.Ne4 Bf5 21.Bd3 Bxe4 22.Bxe4 f5
23.Bd3 Rfc8 24.d6 Na7 25.f4  1-0

[Event "Aandalucia-ch"]
[Site "Granada"]
[Date "1991.??.??"]
[Round "5"]
[White "Navarro, Pedro"]
[Black "Nuevo Perez, Antonio"]
[Result "0-1"]
[WhiteElo "2185"]
[BlackElo "2250"]

1.d4 Nf6 2.c4 g6 3.Nc3 d5 4.cxd5 Nxd5 5.e4 Nxc3 6.bxc3 Bg7 7.Nf3 c5 8.Rb1 O-O
9.Be2 cxd4 10.cxd4 Qa5+ 11.Bd2 Qxa2 12.O-O Qe6 13.Bd3 b6 14.d5 Qd7 15.Bb5 Qd8
16.Qc1 Ba6 17.Bh6 Bxb5 18.Bxg7 Kxg7 19.Rxb5 Nd7 20.Qb2+ Kg8 21.Rb3 Nf6 22.Re1 Rc8
23.Rd3 Nh5 24.Qd2 Kg7 25.e5 Rc4 26.Rd4 Rxd4 27.Nxd4 Qd7 28.Re3 Rc8 29.Rd3 Qg4
30.Ne2 Qe4 31.f4 Kg8 32.g4 Ng7 33.Rc3 Rxc3 34.Nxc3 Qf3 35.d6 Qxg4+ 36.Kf1 exd6
37.exd6 Ne6 38.Nd5 Qh3+ 39.Kg1 Qa3 40.d7 Qc5+ 41.Ne3 Qc7 42.f5 gxf5 43.Nxf5 Qc5+
44.Ne3 Qg5+ 45.Kh1 b5 46.Qc3 b4 47.Qc8+ Kg7 48.h4 Qxe3 49.d8=Q Nxd8 50.Qxd8 b3  0-1

[Event "Groningen op"]
[Site "Groningen"]
[Date "1991.??.??"]
[Round "4"]
[White "Hoffmann, Michael"]
[Black "Fette, Martin"]
[Result "1/2-1/2"]
[WhiteElo "2465"]
[BlackElo "2380"]

1.d4 Nf6 2.c4 g6 3.Nc3 d5 4.cxd5 Nxd5 5.e4 Nxc3 6.bxc3 Bg7 7.Bb5+ Nd7 8.Nf3 O-O
9.O-O c5 10.Bg5 a6 11.Bd3 b6 12.Qd2 Bb7 13.Rab1 Rc8 14.Rfe1 Re8 15.h4 cxd4
16.cxd4 Nf8 17.Bh6 Bxh6 18.Qxh6 e5  1/2-1/2

[Event "Groningen op"]
[Site "Groningen"]
[Date "1991.??.??"]
[Round "5"]
[White "Levin, Felix"]
[Black "Ernst, Thomas"]
[Result "1-0"]
[WhiteElo "2445"]
[BlackElo "2525"]

1.d4 Nf6 2.c4 g6 3.Nc3 d5 4.cxd5 Nxd5 5.e4 Nxc3 6.bxc3 Bg7 7.Bb5+ Bd7 8.Be2 c5
9.Nf3 cxd4 10.cxd4 Bc6 11.Qd3 Nd7 12.Rb1 f5 13.Qb3 Qb6 14.exf5 Qxb3 15.Rxb3 gxf5
16.Ng5 Nf6 17.Bb5 Nd5 18.Bxc6+ bxc6 19.Rf3 Bxd4 20.Rxf5 Bc3+ 21.Bd2 Bxd2+
22.Kxd2 Rb8 23.Rc1 Rb2+ 24.Rc2 Rxc2+ 25.Kxc2 Kd7 26.a3 Rg8 27.g3 Rg6 28.h4 h6
29.Ne4 Ke6 30.Rf8 Nf6 31.Kd3 Nxe4 32.Kxe4 Rg4+ 33.Kf3 Ra4 34.Rh8 Rxa3+ 35.Kg2 Rc3
36.Rxh6+ Kf7 37.Rh7+ Kf6 38.g4 a5 39.g5+ Kg6 40.Rxe7 a4 41.Re6+ Kf7 42.Rf6+ Ke7
43.Rf4 a3 44.Ra4 Ke6 45.h5 Rc5 46.f4 Kf5 47.h6 Rc2+ 48.Kg3 a2 49.h7 Rc3+
50.Kh4 Rc2 51.Ra5+ Kxf4 52.Kh5 Rg2 53.Kh6 c5 54.g6  1-0

[Event "Groningen op"]
[Site "Groningen"]
[Date "1991.??.??"]
[Round "7"]
[White "Sakaev, Konstantin"]
[Black "Hoffmann, Michael"]
[Result "1/2-1/2"]
[WhiteElo "2495"]
[BlackElo "2465"]

1.d4 Nf6 2.c4 g6 3.Nc3 d5 4.cxd5 Nxd5 5.e4 Nxc3 6.bxc3 Bg7 7.Be3 c5 8.Qd2 Qa5
9.Rb1 cxd4 10.cxd4 Qxd2+ 11.Kxd2 O-O 12.Nf3 Rd8 13.Bd3 Nc6 14.d5 Na5 15.Ke2 b6
16.Nd4 e6 17.Nc6 Nxc6 18.dxc6 Rxd3 19.Kxd3 Ba6+ 20.Kc2 Rc8 21.Rhc1 Bc4 22.Kd2 Rxc6
23.Ke1 b5 24.Bxa7 f5 25.Rc2 Ra6 26.Be3 fxe4 27.Rd1 Ra8 28.Rdc1 Be5 29.g3 Kg7
30.Rd2 Kf6 31.Bd4 Bxd4 32.Rxd4 Bd3 33.Ra1 Rc8 34.Rd1 Rc2  1/2-1/2

[Event "Groningen"]
[Site "Groningen"]
[Date "1991.??.??"]
[Round "8"]
[White "Sokolov, Ivan"]
[Black "Ftacnik, Lubomir"]
[Result "1/2-1/2"]
[WhiteElo "2570"]
[BlackElo "2575"]

1.d4 Nf6 2.c4 g6 3.Nc3 d5 4.cxd5 Nxd5 5.e4 Nxc3 6.bxc3 Bg7 7.Bc4 O-O 8.Ne2 Nc6
9.Bd3 b6 10.h4 e5 11.d5 Na5 12.Ba3 c5 13.h5 Nb7 14.hxg6 hxg6 15.c4 Nd6 16.Nc3 f5
17.Bc1 Bd7 18.a4 a5 19.Bd2  1/2-1/2

[Event "Gyor-J"]
[Site "Gyor"]
[Date "1991.??.??"]
[Round "?"]
[White "Szabo, Zsolt"]
[Black "Ruck, Robert"]
[Result "1-0"]
[WhiteElo "2235"]
[BlackElo "2320"]

1.d4 Nf6 2.c4 g6 3.Nc3 d5 4.cxd5 Nxd5 5.e4 Nxc3 6.bxc3 Bg7 7.Nf3 c5 8.Rb1 O-O
9.Be2 cxd4 10.cxd4 Qa5+ 11.Bd2 Qxa2 12.O-O b6 13.Qc1 Qe6 14.Bc4 Qd7 15.Ne5 Bxe5
16.dxe5 Ba6 17.e6 fxe6 18.Bh6 Bxc4 19.Rd1 Qc8 20.Bxf8 Kxf8 21.Rd4 Nd7 22.Rxc4 Nc5
23.Qh6+ Kg8 24.Rd1 Qf8 25.Qd2 Qc8 26.h4 a5 27.h5 a4 28.hxg6 hxg6 29.Qh6 Qf8
30.Qxg6+ Qg7 31.Qh5 a3 32.e5 a2 33.Ra1 Qh7 34.Qf3 Rd8 35.Rg4+ Kh8 36.Rxa2 Qb1+
37.Kh2  1-0

[Event "Hajduszoboszlo zt (Women)"]
[Site "Hajduszoboszlo"]
[Date "1991.??.??"]
[Round "4"]
[White "Stanciu, Gabriela"]
[Black "Rajcsanyi, Zita"]
[Result "1-0"]
[WhiteElo "2255"]
[BlackElo "2100"]

1.d4 Nf6 2.c4 g6 3.Nc3 d5 4.cxd5 Nxd5 5.e4 Nxc3 6.bxc3 Bg7 7.Bc4 c5 8.Ne2 Nc6
9.Be3 O-O 10.Rc1 cxd4 11.cxd4 Qa5+ 12.Kf1 Bd7 13.h4 Rfc8 14.f4 Nd8 15.Kf2 Bb5
16.Qb3 Bxc4 17.Rxc4 Qh5 18.g3 Qg4 19.h5 Rxc4 20.Qxc4 Rc8 21.Qa4 Kf8 22.hxg6 hxg6
23.d5 Rc7 24.Bxa7 b5 25.Qa5 Qd7 26.Be3 Nb7 27.Qa8+ Rc8 28.Qa7 Rc4 29.Rc1 Rxc1
30.Bxc1 Qc8 31.Ba3 Nd6 32.e5 Nb7 33.Qb6 Qd7 34.Qc6 Ke8 35.Nd4 Qxc6 36.dxc6 Na5
37.Bb4 Nc4 38.Nxb5 Kd8  1-0

[Event "Hamburg SKA"]
[Site "Hamburg"]
[Date "1991.??.??"]
[Round "?"]
[White "Cramling, Pia"]
[Black "Kindermann, Stefan"]
[Result "1-0"]
[WhiteElo "2470"]
[BlackElo "2515"]

1.d4 Nf6 2.c4 g6 3.Nc3 d5 4.cxd5 Nxd5 5.e4 Nxc3 6.bxc3 Bg7 7.Bc4 O-O 8.Ne2 b6
9.h4 Nc6 10.Bd5 Qd7 11.h5 e6 12.Bb3 Ba6 13.hxg6 hxg6 14.Nf4 Rfd8 15.Nxe6 fxe6
16.Qg4 Bc8 17.Qxg6 Nxd4 18.Rh3 Nxb3 19.Qh7+ Kf8 20.Rf3+ Qf7 21.Bh6 Qxf3 22.Qxg7+ Ke8
23.gxf3 Nxa1 24.Bg5 Nc2+ 25.Kf1  1-0

[Event "Hamburg HSK"]
[Site "Hamburg"]
[Date "1991.??.??"]
[Round "5"]
[White "Zsinka, Laszlo"]
[Black "Michaelsen, Nils"]
[Result "1/2-1/2"]
[WhiteElo "2355"]
[BlackElo "2370"]

1.d4 Nf6 2.c4 g6 3.Nc3 d5 4.cxd5 Nxd5 5.e4 Nxc3 6.bxc3 Bg7 7.Bc4 c5 8.Ne2 Nc6
9.Be3 O-O 10.O-O Bd7 11.Rb1 Rc8 12.Bd3 Na5 13.d5 b6 14.c4 e5 15.f3 f5 16.exf5 gxf5
17.Rc1 Nb7 18.Qd2 Nd6 19.f4 e4 20.Bb1 Rf6 21.Kh1 Rh6 22.Qe1 Qe7 23.Qf2 Rf8
24.Ng1 Ne8 25.Bc2 Nf6 26.Bd1 Be8 27.Nh3 Bh5 28.Qd2 Qd6 29.Nf2 Bxd1 30.Rfxd1 Rg6
31.Rg1 h5 32.g3 Ng4 33.Nxg4 hxg4 34.Rg2 Rh6 35.Kg1 Rh3 36.Rd1 Bf6 37.Kf1 Kg7
38.Kg1 Kg6 39.Kf1 a6 40.Kg1 b5 41.cxb5 axb5 42.Qa5 Rb8  1/2-1/2

[Event "Hamburg-ch"]
[Site "Hamburg"]
[Date "1991.??.??"]
[Round "8"]
[White "Michaelsen, Nils"]
[Black "Fette, Martin"]
[Result "1/2-1/2"]
[WhiteElo "2315"]
[BlackElo "2375"]

1.d4 Nf6 2.c4 g6 3.Nc3 d5 4.cxd5 Nxd5 5.e4 Nxc3 6.bxc3 Bg7 7.Nf3 c5 8.Rb1 O-O
9.Be2 Nc6 10.d5 Ne5 11.Nxe5 Bxe5 12.Qd2 e6 13.f4 Bc7 14.O-O exd5 15.exd5 Ba5
16.Ba3 b6 17.Rbd1 Qd6 18.h3 Bd7 19.Bg4 Bxg4 20.hxg4 Rfe8 21.Qd3 Re7 22.f5 Rae8
23.Bc1 c4 24.Qf3 b5 25.Bf4 Qf6 26.d6 Bb6+ 27.Kh1 Rd7 28.Bh2 Re3 29.Qc6 Rd8
30.Qxb5 Qxc3 31.Rc1 Qd3 32.fxg6 Qxg6 33.Rxc4 Qd3 34.Qg5+ Qg6 35.Qxg6+ hxg6
36.Rd1 Kg7 37.Rc2 Re4 38.g5 Rh8 39.d7 Bd8 40.Rcd2 Rg4 41.Re2 Rxg5 42.Re8 Rgh5
43.Rxh8 Rxh8 44.g3 Bb6 45.Kg2 f6 46.Bg1 Rd8  1/2-1/2

[Event "Hamburg HSK"]
[Site "Hamburg"]
[Date "1991.??.??"]
[Round "9"]
[White "Hegeler, Frank"]
[Black "Michaelsen, Nils"]
[Result "0-1"]
[WhiteElo "2245"]
[BlackElo "2370"]

1.d4 Nf6 2.c4 g6 3.Nc3 d5 4.cxd5 Nxd5 5.e4 Nxc3 6.bxc3 Bg7 7.Bb5+ Nd7 8.Ne2 O-O
9.O-O c5 10.Bg5 a6 11.Bd3 b5 12.Qd2 Bb7 13.Bh6 e5 14.Bxg7 Kxg7 15.f4 f6 16.dxe5 fxe5
17.Rad1 Bc6 18.f5 Qe7 19.Qe3 Rad8 20.Rf3 Nf6 21.Rh3 Bxe4 22.fxg6 Bxg6 23.Qh6+ Kg8
24.Rg3 c4 25.Bc2 Rxd1+ 26.Bxd1 Qa7+ 27.Kh1 Ng4  0-1